|
|
|
|
| LEADER |
01687cas a2200253 a 4500 |
| 001 |
AALejournalIMF007449 |
| 008 |
230101c9999 xx r poo 0 0eng d |
| 020 |
|
|
|c 5.00 USD
|
| 020 |
|
|
|z 9781451857368
|
| 022 |
|
|
|a 1018-5941
|
| 040 |
|
|
|a BD-DhAAL
|c BD-DhAAL
|
| 100 |
1 |
|
|a Galy, Michel.
|
| 245 |
1 |
4 |
|a The CFA Franc Zone and the EMU /
|c Michel Galy, Michael Hadjimichael.
|
| 264 |
|
1 |
|a Washington, D.C. :
|b International Monetary Fund,
|c 1997.
|
| 300 |
|
|
|a 1 online resource (42 pages)
|
| 490 |
1 |
|
|a IMF Working Papers
|
| 500 |
|
|
|a <strong>Off-Campus Access:</strong> No User ID or Password Required
|
| 500 |
|
|
|a <strong>On-Campus Access:</strong> No User ID or Password Required
|
| 506 |
|
|
|a Electronic access restricted to authorized BRAC University faculty, staff and students
|
| 520 |
3 |
|
|a Whether the prospective shift of the peg of the CFA franc to the euro would constitute an exchange rate arrangement with EMU countries would depend critically on the interpretation of the free convertibility of the CFA franc guaranteed by France. Nonetheless, this shift is likely to leave the CFA franc arrangements and operating features of the zone essentially unchanged. The current parity of the CFA franc could be considered in line with fundamentals. The potential economic consequences for the CFA franc countries could be positive over the long term, but there is a risk of a weakening of external competitiveness.
|
| 538 |
|
|
|a Mode of access: Internet
|
| 700 |
1 |
|
|a Hadjimichael, Michael.
|
| 830 |
|
0 |
|a IMF Working Papers; Working Paper ;
|v No. 1997/156
|
| 856 |
4 |
0 |
|z Full text available on IMF
|u http://elibrary.imf.org/view/journals/001/1997/156/001.1997.issue-156-en.xml
|z IMF e-Library
|